| 000 | 01086cam a22002773a 4500 | ||
|---|---|---|---|
| 001 | 3162 | ||
| 003 | PGUSA | ||
| 005 | 20140828083026.0 | ||
| 008 | 020401s2002||||xxu|||||s|||||000 1 eng d | ||
| 040 |
_aPGUSA _beng |
||
| 042 | _adc | ||
| 050 | 4 | _aPS | |
| 100 | 1 |
_aBangs, John Kendrick, _d1862-1922 |
|
| 245 | 1 | 4 |
_aThe Enchanted Typewriter _h[electronic resource] / _cJohn Kendrick Bangs |
| 260 |
_bProject Gutenberg, _c2002 |
||
| 505 | 0 | _aThe discovery -- Mr. Boswell imparts some late news of Hades -- From advance sheets of Baron Munchausen's further recollections -- A chat with Xanthippe -- The editing of Xanthippe -- The Boswell tours: Personally conducted -- An important decision -- A hand-book to Hades -- Sherlock Holmes again -- Golf in Hades. | |
| 506 | _aPublic domain in the USA. | ||
| 516 | _aElectronic text | ||
| 653 | _aWriting -- Automation -- Fiction | ||
| 653 | _aTypewriters -- Fiction | ||
| 653 | _aFantasy fiction | ||
| 653 | _aHell -- Fiction | ||
| 830 | 0 |
_aProject Gutenberg _v3162 |
|
| 856 | 4 | 0 | _uhttp://www.gutenberg.org/ebooks/3162 |
| 942 | _cEB | ||
| 999 |
_c232491 _d232491 |
||